Statystyki dla Słowa lub skróty z dziedziny technologii, które 25 lat temu nic nam ni

Kliknij tutaj aby rozwiązać quiz!

Ogólne statystyki

  • Ten quiz został rozwiązany 8 razy
  • Średni wynik to 2 z 5

Statystyki odpowiedzi

Odpowiedź% Poprawnych
Wifi
86%
Smartphone
57%
Smartwatch
29%
Appka
0%
Hasztag
0%

Rozkład punktacji

Percentyl według liczby udzielonych odpowiedzi

Procent ludzi z każdym wynikiem

Twoja historia wyników

Nie rozwiązałeś tego quizu